00345nam a2200121Ia 4500008004100000020001800041050001800059100002900077245003600106260003000142300001100172650004000183120721s9999 xx 000 0 und d a970-07-4238-5 aBJ66 S34 2003 aSanabria, José Rubén aEtica / José Rubén Sanabria aMéxico : Porrúa, 2003 a256 p. a1. Etica - Estudio y EnseñanzaÌ